| 000 | 00356nam a22001337a 4500 | ||
|---|---|---|---|
| 020 | _a0072292946 | ||
| 082 |
_222 _a808.0427 |
||
| 100 | _aMuller, G H. | ||
| 245 | _aThe Mc Graw- hill reader ; issues across the disciplins / | ||
| 250 | _a7th | ||
| 260 |
_bMc Graw hill higher education, _cc2000 |
||
| 300 |
_axxviii, 644 p, ; _bNA _c24 cm. |
||
| 942 |
_2ddc _cENG |
||
| 999 |
_c3799 _d3799 |
||